| 000 | 01210 a2200205 4500 | ||
|---|---|---|---|
| 001 | 13198 | ||
| 005 | 20260407155441.0 | ||
| 008 | 260407a1989 arg spa d | ||
| 003 | AR-UNSa-BCEJYS | ||
| 040 |
_aAR-UNSa-BCEJYS _bspa _cAR-UNSa-BCEJYS |
||
| 080 |
_a657.6 _xAuditoria (control interno) |
||
| 245 | 1 | 0 | _aCuestiones fundamentales de auditoría |
| 264 | 1 |
_aBuenos Aires : _bTesis _c1989 |
|
| 300 |
_axxx, 667 p. _c22 cm. |
||
| 505 | _a1.Auditoria(y otros examenes) de estados contables - 2.Auditoria y fiscalización interna - 3.El auditor - 4.La independencia - 5.Etica profecional - 6.Normas contables - 7.El informe del auditor - 8.La carta con recomendaciones - 9.Regulación del ejercicio de la profesion - 10.Normas de auditoria - 11.Responsabilidad del auditor - 12.Auditoria de información adicional a los estados contables - 13.Revisiones limitadas de estados contables - 14.Informes especiales y certificaciones - 15.Examenes de información proyectada - 16.Servicios de "compilación". | ||
| 942 | _cBK | ||
| 590 | _aniveau_biblio:m niveau_hierar:0 | ||
| 100 | 1 | _aFowler Newton, Enrique | |
| 856 | 4 | 1 |
_uhttps://www.biblioeco.unsa.edu.ar/pmb/images/libros/13198.jpg _yImagen de portada _qimage/jpeg |
| 999 |
_c513 _d513 |
||